Weapons having Uncontainable Effects in Vatican II and in the Age of Cyberwarfare (Record no. 858327)

000 -CABECERA
Campo de control de longitud fija 00542nab a2200145 4500
003 - IDENTIFICADOR DEL NÚMERO DE CONTROL
Campo de control ES-SlBCS
005 - FECHA Y HORA DE LA ÚLTIMA TRANSACCIÓN
Campo de control 20230310110219.0
008 - CÓDIGOS DE INFORMACIÓN DE LONGITUD FIJA
Campo de control de longitud fija 160725s2016 it ||||| |||| 00| 0 eng d
040 ## - FUENTE DE LA CATALOGACIÓN
Centro catalogador del origen ES-SlBCS
Lengua de catalogación spa
100 1# - PUNTO DE ACCESO PRINCIPAL-NOMBRE DE PERSONA
Nombre de persona Micallef, René M.
9 (RLIN) 107278
245 10 - MENCIÓN DE TÍTULO
Título Weapons having Uncontainable Effects in Vatican II and in the Age of Cyberwarfare
Mención de responsabilidad, etc. René M. Micallef, S.I.
611 #0 - PUNTO DE ACCESO ADICIONAL DE MATERIA-NOMBRE DE CONGRESO
Nombre de congreso o nombre de jurisdicción como elemento inicial Concilio Vaticano
Número del congreso o número de parte o sección de la obra
Fecha del congreso (1962-1965)
Nombre de parte o sección de la obra Gaudium et Spes
9 (RLIN) 407732
773 0# - ENLACE AL DOCUMENTO FUENTE
Parte(s) relacionada(s) Vol. 97, Nº 3, 2016, págs. 517-541
Título Gregorianum
Número de control del registro relacionado Rev219
Número Internacional Normalizado para Publicaciones Seriadas (ISSN) 0017-4114
942 ## - ENTRADA DE ELEMENTOS AGREGADOS (KOHA)
Fuente de clasificaión o esquema
Koha [por defecto] tipo de item Artículos de revista
Holdings
Suprimido Perdido Fuente de clasificación o esquema Estropeado No para préstamo Localización permanente Localización actual Localización en estantería Fecha adquisición Préstamos totales Fecha última consulta Fecha del precio de reemplazo Tipo de item de Koha
          San Esteban San Esteban Depósito de revistas 25/07/2016   25/07/2016 25/07/2016 Artículos de revista

Bibliotecas Dominicos Provincia Hispania, 2016

Con tecnología Koha